Statistics for Countries Ending in R

Click here to take the quiz!

General Stats

  • This quiz has been taken 59 times
    (30 since last reset)
  • The average score is 3 of 7

Answer Stats

Answer% Correct
Niger
78%
Qatar
52%
Myanmar
44%
El Salvador
41%
Madagascar
41%
Ecuador
33%
East Timor
22%

Score Distribution

Percentile by Number Answered

Percent of People with Each Score

Your Score History

You have not taken this quiz since the last reset